<?xml version="1.0" encoding="UTF-8"?>
<marc:record xmlns:marc="http://www.loc.gov/MARC21/slim">
   <marc:leader>00000nam a2200000 a 4500</marc:leader>
   <marc:datafield ind1="1" ind2=" " tag="100">
      <marc:subfield code="a">Paluch,Andrea</marc:subfield>
      <marc:subfield code="4">aut</marc:subfield>
      <marc:subfield code="e">Verfasser/-in</marc:subfield>
   </marc:datafield>
   <marc:datafield ind1="0" ind2="0" tag="245">
      <marc:subfield code="a">Die besten Weltuntergänge</marc:subfield>
   </marc:datafield>
   <marc:datafield ind1="0" ind2="0" tag="245">
      <marc:subfield code="b">was wird aus uns? : zwölf aufregende Zukunftsbilder</marc:subfield>
   </marc:datafield>
   <marc:datafield ind1="0" ind2="0" tag="245">
      <marc:subfield code="c">Andrea Paluch (Text) ; Annabelle von Sperber (Illustrationen)</marc:subfield>
   </marc:datafield>
   <marc:datafield ind1=" " ind2="1" tag="264">
      <marc:subfield code="a">Leipzig</marc:subfield>
      <marc:subfield code="b">Klett Kinderbuch</marc:subfield>
      <marc:subfield code="c">2021</marc:subfield>
   </marc:datafield>
   <marc:datafield ind1="1" ind2=" " tag="520">
      <marc:subfield code="a">Quelle: bn.bibliotheksnachrichten (http://www.biblio.at/literatur/bn/index.html); #Autor: Monika Brugger; #Gedanken über die Zukunft unserer Erde. (ab 10) (JV)#Das Buch zeigt unterschiedliche Szenarien für unsere Zukunft auf. Dabei steht die Frage Wie wollen wir leben? im Mittelpunkt. Beantwortet wird sie entweder mit extrem düsteren oder mit überaus positiven Zukunftsbildern. Einige der angeführten Ideen sind utopisch, so stellt man sich etwa im Kapitel Kinderparadies vor, dass Verletzungen einfach weggezaubert werden können.#Auf jeder Doppelseite befindet sich eine Spalte mit Text und ein großes Bild, welches die Vision veranschaulicht. Das Werk beginnt mit dem Kapitel Die Luft wird dünn, dessen Prämisse es ist, dass es zu wenig Sauerstoff zum Atmen gibt und die Menschen sich nur mehr in luftdichten Räumen aufhalten können. Das Szenario Zurück zur Natur lässt die Leser*innen dagegen in eine Welt eintauchen, in der nichts verschwendet wird, alle Dinge kompostierbar sind und Strom klimaschonend produziert werden kann.#Der Abschnitt Die Virus-Pandemie schildert im Gegensatz zu den übrigen kein Zukunftsszenario, sondern beschreibt den Lockdown und die Ängste, die während der Corona-Pandemie vorherrschen. Es schließt mit dem Satz: Um eine weitere Pandemie zu verhindern, muss man also die natürlichen Lebensräume schützen, damit Tiere und Menschen Abstand halten können.#Dieses Buch eignet sich für Leser*innen ab 10 Jahren mit begleitenden Gesprächen oder für ältere Jugendliche, die sich Gedanken über die Zukunft unseres Planeten machen möchten.</marc:subfield>
   </marc:datafield>
   <marc:datafield ind1=" " ind2=" " tag="020">
      <marc:subfield code="a">9783954702558</marc:subfield>
      <marc:subfield code="9">9783954702558</marc:subfield>
   </marc:datafield>
   <marc:datafield ind1=" " ind2=" " tag="041">
      <marc:subfield code="a">ger</marc:subfield>
   </marc:datafield>
   <marc:datafield ind1=" " ind2=" " tag="300">
      <marc:subfield code="a">26 ungezählte Seiten</marc:subfield>
   </marc:datafield>
</marc:record>
